Local Welfare Policy Making in European Cities

This book focuses on how EU welfare policies are implemented at the local level in 11 European cities and how local policy making addresses women’s care responsibilities. The book studies the complex combination of and the relationships between local political processes, policies, institutions, stru...

Πλήρης περιγραφή

Λεπτομέρειες βιβλιογραφικής εγγραφής
Συγγραφή απο Οργανισμό/Αρχή: SpringerLink (Online service)
Άλλοι συγγραφείς: Kutsar, Dagmar (Επιμελητής έκδοσης), Kuronen, Marjo (Επιμελητής έκδοσης)
Μορφή: Ηλεκτρονική πηγή Ηλ. βιβλίο
Γλώσσα:English
Έκδοση: Cham : Springer International Publishing : Imprint: Springer, 2015.
Σειρά:Social Indicators Research Series, 59
Θέματα:
Διαθέσιμο Online:Full Text via HEAL-Link
LEADER 04953nam a22004935i 4500
001 978-3-319-16163-1
003 DE-He213
005 20151111041406.0
007 cr nn 008mamaa
008 150424s2015 gw | s |||| 0|eng d
020 |a 9783319161631  |9 978-3-319-16163-1 
024 7 |a 10.1007/978-3-319-16163-1  |2 doi 
040 |d GrThAP 
050 4 |a HN25 
072 7 |a JFF  |2 bicssc 
072 7 |a SOC026000  |2 bisacsh 
072 7 |a SOC027000  |2 bisacsh 
082 0 4 |a 306  |2 23 
245 1 0 |a Local Welfare Policy Making in European Cities  |h [electronic resource] /  |c edited by Dagmar Kutsar, Marjo Kuronen. 
264 1 |a Cham :  |b Springer International Publishing :  |b Imprint: Springer,  |c 2015. 
300 |a XVII, 221 p. 6 illus., 2 illus. in color.  |b online resource. 
336 |a text  |b txt  |2 rdacontent 
337 |a computer  |b c  |2 rdamedia 
338 |a online resource  |b cr  |2 rdacarrier 
347 |a text file  |b PDF  |2 rda 
490 1 |a Social Indicators Research Series,  |x 1387-6570 ;  |v 59 
505 0 |a PREFACE - Per H Jensen -- List of Contributors -- 1. INTRODUCTION: THEORETICAL AND METHODOLOGICAL FRAMEWORK - Dagmar Kutsar and Marjo Kuronen (possibly with a contribution by Per Jensen) -- PART l -- WOMEN’S LOCAL LABOUR MARKETS -- 2. Integration of women to the local labour markets - Nicola Schwindt and Birgit Pfau-Effinger -- 3. Urban economic specialization and female participation in the labour market - Roberta Cucca -- 4. Female Labour Force Participation promoting Social Cohesion - Costanzo Ranci -- PART II -- LOCAL WELFARE POLICY MAKING -- 5. Vertical governance, national regulation and autonomy of local policy making - Marjo Kuronen -- 6. Local policymaking: the playground of ideas, mindsets, strategies and roles - Dagmar Kutsar, Kairi Kasearu and Avo Trumm -- 7. Local Political Resistance: how local agencies ignore, defy or alter national and supranational policy agendas - Eva Fodor and Dorottya Redai -- 8. Centralised governance shaping the local welfare policies in the city of Leeds - Sue Yeandle and Erika Kispeter -- PART III -- LOCAL CHILD CARE POLICY MAKING AND SERVICE PROVISION -- 9. The relationship between local and national childcare policies - Marjo Kuronen, Teppo Kröger, Roberta Cucca, Anna Escobedo Caparrós, Fernando Antón Alonso and Per H Jensen -- 10. Child care systems in post-socialist countries: comparative cases from Brno, Szekesfehervar and Tartu - Martina Kampichler, Dorottya Redai and Dagmar Kutsar -- 11. Local childcare policies impacting the labour force participation of women in Dublin - Evelyn Mahon -- PART IV -- LOCAL CARE POLICIES AND SYSTEMS FOR OLDER PEOPLE -- 12. Local elderly care systems in Europe - Patricia Frericks, Ralf Och, Birgit Pfau-Effinger and Nicola Schwindt -- 13. Local policy making controversies of caring and working - Häli Tarum and Dagmar Kutsar -- 14. Voluntary organizations and their role in the care for older people - Per H. Jensen -- 15. CONCLUDING DISCUSSION - Dagmar Kutsar and Marjo Kuronen. 
520 |a This book focuses on how EU welfare policies are implemented at the local level in 11 European cities and how local policy making addresses women’s care responsibilities. The book studies the complex combination of and the relationships between local political processes, policies, institutions, structural conditions and outputs, as well as outcomes for the women’s labour market integration. It demonstrates how cultural settings and multi-level governance patterns form the “playground” for local policy makers to formulate their welfare policies concerning service provision. The book further demonstrates how local production systems and the situation of the local labour market influence the prospects that women have in working and caring. EU welfare policy promotes the labour market integration of women as well as gender equality. The provision of adequate care services is vital in supporting women’s employment. Within comparative welfare research, the focus has been on the national welfare systems and policies even if care services are overwhelmingly provided by local authorities that in many EU member states enjoy considerable autonomy. This book fills the gap in understanding local welfare policy making from a comparative perspective. 
650 0 |a Social sciences. 
650 0 |a Medical research. 
650 0 |a Social policy. 
650 0 |a Quality of life. 
650 1 4 |a Social Sciences. 
650 2 4 |a Quality of Life Research. 
650 2 4 |a Social Policy. 
700 1 |a Kutsar, Dagmar.  |e editor. 
700 1 |a Kuronen, Marjo.  |e editor. 
710 2 |a SpringerLink (Online service) 
773 0 |t Springer eBooks 
776 0 8 |i Printed edition:  |z 9783319161624 
830 0 |a Social Indicators Research Series,  |x 1387-6570 ;  |v 59 
856 4 0 |u http://dx.doi.org/10.1007/978-3-319-16163-1  |z Full Text via HEAL-Link 
912 |a ZDB-2-SHU 
950 |a Humanities, Social Sciences and Law (Springer-11648)